| LEADER |
01184nam0a2200229 450 |
| 001 |
16867832 |
| 010 |
|
|
|a 978-2-302-08932-7
|b cart.
|d 14,95
|
| 100 |
|
|
|a 20200623d2020 u u0frey01 ba
|
| 101 |
0 |
|
|a fre
|
| 102 |
|
|
|a FR
|
| 200 |
0 |
|
|a Au royaume des aveugles
|f scénario Peru
|g dessin Bileau - storyboard Duarte - couleurs Jacquemoire
|
| 207 |
|
1 |
|a
|
| 215 |
|
|
|a 1 vol. (51 p.)
|c illustrations en couleur
|d 33 cm
|
| 330 |
|
|
|a Après avoir vaincu les géants et provoqué un raz-de-marée qui a tué des milliers de personne, Alyana n'est plus que l'ombre d'elle-même. Son coeur ne bat plus. Quant à ses immenses pouvoirs, ils disparaissent. Elle désire seulement vivre en paix auprès des siens. Mais rares sont les elfes blancs prêts à l'accepter, quelques uns veulent même profiter de sa faiblesse pour en finir avec elle.
|
| 461 |
|
0 |
|t Les Elfes blancs
|v 06
|
| 700 |
|
0 |
|a Peru
|b Olivier
|4 70
|
| 701 |
|
0 |
|a Bileau
|b Stéphane
|4 440
|
| 701 |
|
0 |
|a Duarte
|b Kyko
|4 440
|
| 702 |
|
0 |
|a Jacquemoire
|b Elodie
|4 410
|
| 900 |
|
|
|a Bande dessinée (ados-adultes)
|
| 901 |
|
|
|a Adultes
|
| 995 |
|
|
|a Médiathèque
|c Médiathèque
|f 00156010436483
|h 00156010436483
|k BDJ ELF BLA 6
|o p
|q a
|r az
|e Médiathèque
|